Whose land is it anyway (Record no. 86506)

MARC details
000 -LEADER
fixed length control field 00570cam a2200205 4500
001 - CONTROL NUMBER
control field D7601
008 - FIXED-LENGTH DATA ELEMENTS--GENERAL INFORMATION
fixed length control field 090401t1982 xxu||||| |||| 00| 0 eng d
020 ## - INTERNATIONAL STANDARD BOOK NUMBER
International Standard Book Number 0855000953
035 ## - SYSTEM CONTROL NUMBER
System control number (Sirsi) u8343
041 ## - LANGUAGE CODE
Language code of text/sound track or separate title eng
050 ## - LIBRARY OF CONGRESS CALL NUMBER
Classification number 333.76
-- 18
100 ## - MAIN ENTRY--PERSONAL NAME
Personal name Norton-Taylor, Richard
245 ## - TITLE STATEMENT
Title Whose land is it anyway
Remainder of title agriculture, planning and land use in the British countryside
260 ## - PUBLICATION, DISTRIBUTION, ETC.
Place of publication, distribution, etc. Wellingborough
Name of publisher, distributor, etc. Turnstone
Date of publication, distribution, etc. 1982
300 ## - PHYSICAL DESCRIPTION
Extent 350p.
Other physical details ill.
Dimensions 21cm
350 ## - PRICE (NR) (BK AM CF MU VM SE) [OBSOLETE]
Price 6.95
690 ## - LOCAL SUBJECT ADDED ENTRY--TOPICAL TERM (OCLC, RLIN)
Topical term or geographic name as entry element PROPERTY-RURAL AND NATURAL ASSETS
942 ## - ADDED ENTRY ELEMENTS (KOHA)
Suppress in OPAC 0
948 ## - LOCAL PROCESSING INFORMATION (OCLC); SERIES PART DESIGNATOR (RLIN)
c (OCLC) 04/03/1997
Holdings
Withdrawn status Lost status Source of classification or shelving scheme Damaged status Not for loan Home library Current library Shelving location Date acquired Cost, normal purchase price Total Checkouts Full call number Barcode Date last seen Copy number Cost, replacement price Price effective from Koha item type
    Dewey Decimal Classification     London London Basement 14/09/1999 6.95   SHELF 202 30002942 06/08/2019 1 6.95 06/08/2019 Book